LEADER 02069nam 2200445Ia 450 001 996389407603316 005 20200824132244.0 035 $a(CKB)4940000000094201 035 $a(EEBO)2240940905 035 $a(OCoLC)ocm56572904e 035 $a(OCoLC)56572904 035 $a(EXLCZ)994940000000094201 100 $a20040924d1585 uy 0 101 0 $aeng 135 $aurbn||||a|bb| 200 12$aA book of Christian exercise, appertaining to resolution$b[electronic resource] $ethat is, shewing how that we should resolue our selues to become Christians indeede. /$fBy R.P. ; Perused, and accompanied nowe with a treatise tending to pacification, by Edmund Bunny. 210 $aAt Oxford, $cPrinted by Ioseph Barnes, Printer to that famous Vniuersity.$d1585. 215 $a[28], 439, [3], 140 p., [1] folded table 300 $aSignatures: A-2Cı² 2D?. 300 $aNumerous errors in paging. 300 $aTitle page, line 7 has: 'should re-/'; *?r line 4 has: 'proui-/'. 300 $aTitle within border of printers' ornaments; initials. 300 $aMarginal notes. 300 $aA Protestant adaptation, by Edmund Bunny, of: Parsons, Robert. The first booke of the Christian exercise. 300 $aSpecial half-title: A treatise tending to pacification : by laboring those that are our aduersaries in the cause of religion, to receiue the gospel, and to ioyne with vs in profession thereof. By Edm. Bunny. 300 $aImperfect: tightly bound, and table torn, with loss of text. 300 $aReproduction of original in: Folger Shakespeare Library. 320 $aIncludes bibliographical references. 330 $aeebo-0055 606 $aChristian life 615 0$aChristian life. 700 $aBunny$b Edmund$f1540-1619.$01002895 701 $aParsons$b Robert$f1546-1610.$0138049 701 2$aBunny$b Edmund$f1540-1619.$01002895 801 0$bEBK 801 1$bEBK 906 $aBOOK 912 $a996389407603316 996 $aA book of Christian exercise, appertaining to resolution$92358054 997 $aUNISA LEADER 01211nam 2200385 450 001 9910251435703321 005 20221010174459.0 010 $a953-51-4862-1 010 $a953-51-3082-X 035 $a(CKB)4100000001586673 035 $a(NjHacI)994100000001586673 035 $a(EXLCZ)994100000001586673 100 $a20221010d2017 uy 0 101 0 $aeng 135 $aur||||||||||| 181 $ctxt$2rdacontent 182 $cc$2rdamedia 183 $acr$2rdacarrier 200 00$aComputational optimization in engineering $eparadigms and applications /$fedited by Hossein Peyvandi 210 1$aRijeka, Croatia :$cIntechOpen,$d[2017] 210 4$dİ2017 215 $a1 online resource (162 pages) $cillustrations 311 $a953-51-3081-1 320 $aIncludes bibliographical references. 517 $aComputational optimization in engineering 606 $aEngineering$xMathematical models 615 0$aEngineering$xMathematical models. 676 $a620.0015118 702 $aPeyvandi$b Hossein 801 0$bNjHacI 801 1$bNjHacl 906 $aBOOK 912 $a9910251435703321 996 $aComputational optimization in engineering$92955904 997 $aUNINA LEADER 04398nam 2200829 450 001 9910822557203321 005 20230124195507.0 010 $a1-78920-206-X 024 7 $a10.1515/9781789202069 035 $a(CKB)4100000007820713 035 $a(MiAaPQ)EBC5521538 035 $a(DE-B1597)635695 035 $a(DE-B1597)9781789202069 035 $a(OCoLC)1089275517 035 $a(EXLCZ)994100000007820713 100 $a20190417d2019 uy 0 101 0 $aeng 135 $aurcnu|||||||| 181 $ctxt$2rdacontent 182 $cc$2rdamedia 183 $acr$2rdacarrier 200 10$aMagical house protection $ethe archaeology of counter-witchcraft /$fBrian Hoggard 210 1$aNew York ;$aOxford :$cBerghahn,$d[2019] 210 4$dİ2019 215 $a1 online resource (352 pages) 311 $a1-78920-205-1 320 $aIncludes bibliographical references and indexes. 327 $tFrontmatter -- $tContents -- $tIllustrations -- $tAcknowledgements -- $tPreface -- $tPART I Context and Discussion of Principal Find Types -- $tChapter 1 Folklore, Witchcraft, Religion -- $tChapter 2 Witch-Bottles -- $tChapter 3 Concealed Shoes -- $tChapter 4 Dried Cats -- $tChapter 5 Horse Skulls -- $tChapter 6 Written Charms -- $tChapter 7 Protection Marks -- $tChapter 8 Other Concealed Objects -- $tChapter 9 Evidence of Darkness -- $tConclusion -- $tPART II Evidence and Examples -- $tCase Studies -- $tFinds Gazetteer -- $tReferences -- $tIndex 330 $aBelief in magic and particularly the power of witchcraft was once a deep and enduring presence in popular culture. ?Diving into Brian Hoggard?s Magical House Protection is a remarkable experience? [It] provides an immersive and fascinating read.??Fortean Times People created and concealed many objects to protect themselves from harmful magic. Detailed are the principal forms of magical house protection in Britain and beyond from the fourteenth century to the present day. Witch-bottles, dried cats, horse skulls, written charms, protection marks and concealed shoes were all used widely as methods of repelling, diverting or trapping negative energies. Many of these practices and symbols can be found around the globe, demonstrating the universal nature of efforts by people to protect themselves from witchcraft. From the introduction: The most popular locations to conceal objects within buildings are usually at portals such as the hearth, the threshold and also voids or dead spaces. This suggests that people believed it was possible for dark forces to travel through the landscape and attack them in their homes. Whether these forces were emanations from a witch in the form of a spell, a witch?s familiar pestering their property, an actual witch flying in spirit or a combination of all of those is difficult to tell. Additional sources of danger could be ghosts, fairies and demons. People went to great lengths to ensure their homes and property were protected, highlighting the fact that these beliefs and fears were visceral and, as far as they were concerned, literally terrifying. 606 $aProtection magic 606 $aArchitecture, Domestic$vMiscellanea 606 $aMagic 606 $aWitchcraft 606 $aDwellings$vMiscellanea 606 $aHousing$vMiscellanea 610 $aArchaeology. 610 $aCounter-Witchcraft. 610 $aancient beliefs. 610 $aanthropology of religion. 610 $aanthropology. 610 $aarchaeology. 610 $acurses. 610 $adried cats. 610 $ahistorical. 610 $ahistory. 610 $ahorse skulls. 610 $amagic studies. 610 $amagic. 610 $amagical house protection. 610 $amagical practices. 610 $aprotection marks. 610 $aprotection. 610 $areligion. 610 $asocial science. 610 $asupernatural. 610 $awitchcraft. 610 $awitches. 615 0$aProtection magic. 615 0$aArchitecture, Domestic 615 0$aMagic. 615 0$aWitchcraft. 615 0$aDwellings 615 0$aHousing 676 $a133.430941 700 $aHoggard$b Brian$01626741 801 0$bMiAaPQ 801 1$bMiAaPQ 801 2$bMiAaPQ 906 $aBOOK 912 $a9910822557203321 996 $aMagical house protection$93962957 997 $aUNINA